{"text_format":"3","workbook":"xlsx","n_sheets":9,"sheets":["D_1 建设项目最高投标限价汇总表","D_2 单项工程最高投标限价汇总表","1_D_3 单位工程最高投标限价汇总表","1_E_1 分部分项工程量清单计价表","1_G_不可竞争项目清单与计价表-计算基础为数值","1_F_措施项目清单与计价表-计算基础为数值","1_H_1 其他项目清单与计价汇总表","1_I 税金计价表","1_人材机汇总表"],"read":"whole","date_system":"1900"}

{"sheet":"D_1 建设项目最高投标限价汇总表","index":0,"n_rows":30,"n_cols":5,"rows_kept":30,"merged":[[0,0,0,4],[1,0,1,2],[1,3,1,4],[2,0,3,0],[2,1,3,1],[2,2,3,2],[2,3,2,4],[28,0,28,1],[29,0,29,4]]}
["建设项目最高投标限价汇总表"]
["工程名称:核心区配套旅游服务提升工程（东谯楼渔灯展示馆装饰工程）",null,null,"第1页 共1页"]
["序号","单项工程名称","金额(元)","其中:(元)"]
[{"$nulls":3},"暂估价 ","不可竞争费"]
["1","核心区配套旅游服务提升工程（东谯楼渔灯展示馆装饰工程）",{"v":425666.3,"d":"425666.30"},{"v":0,"d":"0.00"},1085.96]
{"$rows_empty":23}
["合计",null,{"v":425666.3,"d":"425666.30"},{"v":0,"d":"0.00"},1085.96]
["说明：本表适用于建设项目最高投标限价或投标报价的汇总。暂估价包括分部分项工程中的材料、设备暂估价和专业工程暂估价。\n安徽省建设工程造价计价软件测评合格编号2018JS-06"]

{"sheet":"D_2 单项工程最高投标限价汇总表","index":1,"n_rows":33,"n_cols":5,"rows_kept":33,"merged":[[0,0,0,4],[1,0,1,2],[1,3,1,4],[2,0,3,0],[2,1,3,1],[2,2,3,2],[2,3,2,4],[30,0,30,1],[32,0,32,4]]}
["单项工程最高投标限价汇总表"]
["工程名称:核心区配套旅游服务提升工程（东谯楼渔灯展示馆装饰工程）",null,null,"第1页 共1页"]
["序号","单位工程名称","金额(元)","其中:(元)"]
[{"$nulls":3},"暂估价 ","不可竞争费"]
["1","核心区配套旅游服务提升工程（东谯楼渔灯展示馆装饰工程）",{"v":425666.3,"d":"425666.30"},{"v":0,"d":"0.00"},1085.96]
{"$rows_empty":25}
["合计",null,{"v":425666.3,"d":"425666.30"},{"v":0,"d":"0.00"},1085.96]
[]
["安徽省建设工程造价计价软件测评合格编号2018JS-06"]

{"sheet":"1_D_3 单位工程最高投标限价汇总表","index":2,"n_rows":29,"n_cols":4,"rows_kept":29,"merged":[[0,0,0,3],[1,0,1,1],[28,0,28,3],[30,0,30,2]]}
["单位工程最高投标限价汇总表"]
["工程名称:核心区配套旅游服务提升工程（东谯楼渔灯展示馆装饰工程）",null,"标段:","第1页 共1页"]
["序号","汇总内容","金 额(元)","其中:材料、设备暂估价(元)"]
["一","分部分项工程项目费",388997.81]
["1.1","其中:定额人工费",6482.75,{"v":0,"d":"0.00"}]
["1.2","     定额机械费",434.19,{"v":0,"d":"0.00"}]
["1.3","     综合费",2005.19,{"v":0,"d":"0.00"}]
["二","措施项目费",435.77,{"v":0,"d":"0.00"}]
["三","不可竞争费",1085.96,{"v":0,"d":"0.00"}]
["3.1","安全文明施工费",1085.96,{"v":0,"d":"0.00"}]
["3.2","环境保护税",null,{"v":0,"d":"0.00"}]
["四","其他项目费",null,{"v":0,"d":"0.00"}]
["4.1","暂列金额",null,{"v":0,"d":"0.00"}]
["4.2","专业工程暂估价",null,{"v":0,"d":"0.00"}]
["4.3","计日工",null,{"v":0,"d":"0.00"}]
["4.4","总承包服务费",null,{"v":0,"d":"0.00"}]
["五","税金",35146.76,{"v":0,"d":"0.00"}]
{"$rows_empty":10}
["六","工程造价",{"v":425666.3,"d":"425666.30"}]
["注：本表适用于单位工程招标控制价或投标报价的汇总，如无单位工程划分，单项工程也使用本表汇总。\n安徽省建设工程造价计价软件测评合格编号2018JS-06"]

{"sheet":"1_E_1 分部分项工程量清单计价表","index":3,"n_rows":88,"n_cols":11,"rows_kept":88,"merged":[[0,0,0,10],[1,0,1,3],[1,4,1,5],[1,6,1,10],[2,0,4,0],[2,1,4,1],[2,2,4,2],[2,3,4,3],[2,4,4,4],[2,5,4,5],[2,6,2,10],[3,6,4,6],[3,7,4,7],[3,8,3,10],[21,0,21,10],[23,0,23,10],[24,0,24,3],[24,4,24,5],[24,6,24,10],[25,0,27,0],[25,1,27,1],[25,2,27,2],[25,3,27,3],[25,4,27,4],[25,5,27,5],[25,6,25,10],[26,6,27,6],[26,7,27,7],[26,8,26,10],[52,0,52,10],[54,0,54,10],[55,0,55,3],[55,4,55,5],[55,6,55,10],[56,0,58,0],[56,1,58,1],[56,2,58,2],[56,3,58,3],[56,4,58,4],[56,5,58,5],[56,6,56,10],[57,6,58,6],[57,7,58,7],[57,8,57,10],[87,0,87,10]]}
["分部分项工程量清单与计价表"]
["工程名称:核心区配套旅游服务提升工程（东谯楼渔灯展示馆装饰工程）",{"$nulls":3},"标段:",null,"第1页 共3页"]
["序号","项目编码","项目名称","项目特征描述","计量\n单位","工程量","金额（元）"]
[{"$nulls":6},"综合单价","合价","其中"]
[{"$nulls":8},"定额\n人工费","定额\n机械费","暂估价"]
[{"$nulls":7},388997.81,6482.75,434.19]
["1","WB011104007001","木地台基层板","1.30*30木基层防腐处理","m2","53.00",55.09,2919.77,{"v":445.2,"d":"445.20"},32.33]
["2","011104002001","竹、木（复合）地板","1.地面整铺防腐木","m2","53.00",238.45,12637.85,272.95,{"v":10.6,"d":"10.60"}]
["3","WB011207002001","墙面轻钢龙骨","1.龙骨材料种类、规格、中距：钢骨架基层","m2","14.88",50.77,755.46,91.96,{"v":6.1,"d":"6.10"}]
["4","WB011207004001","墙面基层","1.基层材料种类、规格：1.阻燃九厘板基层","m2","20.20",54.51,{"v":1101.1,"d":"1101.10"},118.78,11.11]
["5","WB011207004002","墙面基层","1.基层材料种类、规格：9.5mm纸面石膏板\n2.批灰三遍","m2","5.24",41.05,{"v":215.1,"d":"215.10"},{"v":66.5,"d":"66.50"},0.94]
["6","011207001001","墙面装饰板","1.面层材料品种、规格、品牌、颜色：定制烤漆铝板","m2","10.32",383.05,3953.08,{"v":151.7,"d":"151.70"},{"v":3.1,"d":"3.10"}]
["7","WB011207002","墙面装饰板","1.面层材料品种、规格、品牌、颜色：图版（二次深化）","m2","16.75",558.26,9350.86,207.37,37.52]
["8","011207001002","墙面装饰板","1.面层材料品种、规格、品牌、颜色：定制纱幔UV（二次深化）","m2","15.53",302.55,{"v":4698.6,"d":"4698.60"},554.42,3.88]
["9","011207001003","墙面装饰板","1.面层材料品种、规格、品牌、颜色：定制金属边框","m2","10.08",388.45,3915.58,148.18,3.02]
["10","011502001001","金属装饰条","1.定制金属边框\n2.宽度10mm","m","20.80",30.47,633.78,{"v":49.5,"d":"49.50"},4.16]
["11","WB011507004002","展板","1.定制展板","m2","1.72",{"v":350,"d":"350.00"},{"v":602,"d":"602.00"}]
["12","390907006001","金属踢脚线","1.踢脚线高度：6cm\n2.面层材料品种、规格、颜色：1.2mm厚黑钛拉丝不锈钢踢脚线","m","11.70",34.09,398.85,21.65]
["13","AB001","鱼灯","1.鱼灯制作安装\n2.款式型号详设计图纸","个","2",{"v":5000,"d":"5000.00"},{"v":10000,"d":"10000.00"}]
["14","AB002","定制看板","1.定制屏风、看板制作安装\n2.3*1.28地台\n3.密度板原子三遍","个","2",{"v":41000,"d":"41000.00"},{"v":82000,"d":"82000.00"}]
[]
["安徽省建设工程造价计价软件测评合格编号2018JS-06"]
[]
["分部分项工程量清单与计价表"]
["工程名称:核心区配套旅游服务提升工程（东谯楼渔灯展示馆装饰工程）",{"$nulls":3},"标段:",null,"第2页 共3页"]
["序号","项目编码","项目名称","项目特征描述","计量\n单位","工程量","金额（元）"]
[{"$nulls":6},"综合单价","合价","其中"]
[{"$nulls":8},"定额\n人工费","定额\n机械费","暂估价"]
["15","AB003","展示板","1.立式展示板","个","1",{"v":1200,"d":"1200.00"},{"v":1200,"d":"1200.00"}]
["16","AB009","鱼灯","1.小鱼灯制作安装\n2.款式型号详设计图纸","个","40",{"v":1200,"d":"1200.00"},{"v":48000,"d":"48000.00"}]
["17","011207001004","墙面装饰板","1.定制版图","m2","29.00",576.24,16710.96,634.52,{"v":37.7,"d":"37.70"}]
["18","WB011507004001","牌面板安装","1.牌匾制作安装","个","2",{"v":6500,"d":"6500.00"},{"v":13000,"d":"13000.00"}]
["19","030412001001","普通灯具","1.吊挂鱼灯","套","5",1230.37,6151.85,{"v":45.5,"d":"45.50"}]
["20","030412001002","普通灯具","1.吊挂灯笼","套","12",321.37,3856.44,{"v":109.2,"d":"109.20"}]
["21","030412001003","普通灯具","1.定制吊灯安装\n2.含管线开关安装","套","6",523.37,3140.22,{"v":54.6,"d":"54.60"}]
["22","WB011501001001","柜体","1.定制成品展示柜（大）","套","1",{"v":5000,"d":"5000.00"},{"v":5000,"d":"5000.00"}]
["23","WB011501001002","柜体","1.定制成品展示柜（小）","套","1",{"v":3000,"d":"3000.00"},{"v":3000,"d":"3000.00"}]
["24","AB004","定制桌椅组合","1.定制桌椅组合\n2.一桌三椅","套","2",{"v":5000,"d":"5000.00"},{"v":10000,"d":"10000.00"}]
["25","AB006","定制桌椅组合","1.定制桌椅组合\n2.一桌一椅","套","2",{"v":3000,"d":"3000.00"},{"v":6000,"d":"6000.00"}]
["26","AB007","定制桌椅组合","1.定制桌椅组合\n2.一桌二椅","套","1",{"v":4000,"d":"4000.00"},{"v":4000,"d":"4000.00"}]
["27","AB008","定制架子","1.定制架子","个","2",{"v":5200,"d":"5200.00"},{"v":10400,"d":"10400.00"}]
["28","011406001001","抹灰面油漆","1.内墙面出新","m2","86.00",40.83,3511.38,1769.02,140.18]
["29","011105001001","踢脚线出新","1.踢脚线出新","m","28.00",5.34,149.52,{"v":95.2,"d":"95.20"},0.56]
["30","031001001001","镀锌钢管","1.镀锌方管30*50","m","60.00",24.75,{"v":1485,"d":"1485.00"},{"v":352.2,"d":"352.20"},{"v":34.2,"d":"34.20"}]
["31","031001001002","镀锌钢管","1.镀锌方管50*80","m","72.00",62.76,4518.72,516.96,73.44]
["32","030412004001","装饰灯","1.射灯安装\n2.含管线开关安装","套","10",156.98,{"v":1569.8,"d":"1569.80"},{"v":39.2,"d":"39.20"}]
["33","030412004002","装饰灯","1.投影灯安装\n2.含管线开关安装","套","2",1730.71,3461.42,17.64]
["34","AB010","电视机","1.电视机安装\n2.52英寸","台","1",{"v":5000,"d":"5000.00"},{"v":5000,"d":"5000.00"}]
["35","AB011","影片","1.轮播影片，包含剪辑、特效包装。","秒","240",{"v":250,"d":"250.00"},{"v":60000,"d":"60000.00"}]
["36","011406001002","房屋出新","1.整体房屋出新","项","1",{"v":8000,"d":"8000.00"},{"v":8000,"d":"8000.00"}]
["37","011104002002","木地板","1、实木仿古木地板","m2","12.00",379.26,4551.12,{"v":61.8,"d":"61.80"},{"v":2.4,"d":"2.40"}]
[]
["安徽省建设工程造价计价软件测评合格编号2018JS-06"]
[]
["分部分项工程量清单与计价表"]
["工程名称:核心区配套旅游服务提升工程（东谯楼渔灯展示馆装饰工程）",{"$nulls":3},"标段:",null,"第3页 共3页"]
["序号","项目编码","项目名称","项目特征描述","计量\n单位","工程量","金额（元）"]
[{"$nulls":6},"综合单价","合价","其中"]
[{"$nulls":8},"定额\n人工费","定额\n机械费","暂估价"]
["38","011602001001","给排水改造","1、水系统改造、含\n开洞管材","项","1",{"v":12000,"d":"12000.00"},{"v":12000,"d":"12000.00"}]
["39","020509013001","直拼库门","1、防腐木格栅门\n（含五金配件）","樘","1",16149.35,16149.35,{"v":658.7,"d":"658.70"},32.95]
["40","WB030817008001","二次搬运输","1、本项投标不下浮，不做调整","项","1",{"v":4960,"d":"4960.00"},{"v":4960,"d":"4960.00"}]
{"$rows_empty":25}
["安徽省建设工程造价计价软件测评合格编号2018JS-06"]

{"sheet":"1_G_不可竞争项目清单与计价表-计算基础为数值","index":4,"n_rows":30,"n_cols":6,"rows_kept":30,"merged":[[0,0,0,5],[1,0,1,2],[27,0,27,2],[29,0,29,3],[29,4,29,5]]}
["不可竞争项目清单与计价表"]
["工程名称:核心区配套旅游服务提升工程（东谯楼渔灯展示馆装饰工程）",null,null,"标段:",null,"第1页 共1页"]
["序号","项目编码","项目名称","计算基数","费率(%)","金额(元)"]
["1","ZF-01","环境保护费","6916.94","2.3",159.09]
["2","ZF-02","文明施工费","6916.94","4.5",311.26]
["3","ZF-03","安全施工费","6916.94","3.1",214.43]
["4","ZF-04","临时设施费","6916.94","5.8",401.18]
["5","ZF-05","环境保护税","6916.94"]
{"$rows_empty":19}
["合计",{"$nulls":4},1085.96]
[]
["安徽省建设工程造价计价软件测评合格编号2018JS-06"]

{"sheet":"1_F_措施项目清单与计价表-计算基础为数值","index":5,"n_rows":33,"n_cols":6,"rows_kept":33,"merged":[[0,0,0,5],[1,0,1,2],[30,0,30,2],[32,0,32,3],[32,4,32,5]]}
["措施项目清单与计价表"]
["工程名称:核心区配套旅游服务提升工程（东谯楼渔灯展示馆装饰工程）",null,null,"标段:",null,"第1页 共1页"]
["序号","项目编码","项目名称","计算基数","费率(%)","金额(元)"]
["1","ZC-01","夜间施工增加费","6916.94","0.5",34.58]
["2","ZC-02","二次搬运费","6916.94","1.2",{"v":83,"d":"83.00"}]
["3","ZC-03","冬雨季施工增加费","6916.94","0.7",48.42]
["4","ZC-04","已完工程及设备保护费","6916.94","0.5",34.58]
["5","ZC-05","工程定位复测费","6916.94","0.8",55.34]
["6","ZC-06","非夜间施工照明费","6916.94","0.4",27.67]
["7","ZC-07","临时保护设施费","6916.94","0.1",6.92]
["8","ZC-08","赶工措施费","6916.94","2.1",145.26]
["9","ZC-09","其它措施项目费"]
{"$rows_empty":18}
["合计",{"$nulls":4},"435.77"]
[]
["安徽省建设工程造价计价软件测评合格编号2018JS-06"]

{"sheet":"1_H_1 其他项目清单与计价汇总表","index":6,"n_rows":34,"n_cols":4,"rows_kept":34,"merged":[[0,0,0,3],[1,0,1,1],[2,1,2,2],[3,1,3,2],[4,1,4,2],[5,1,5,2],[6,1,6,2],[7,1,7,2],[8,1,8,2],[9,1,9,2],[10,1,10,2],[11,1,11,2],[12,1,12,2],[13,1,13,2],[14,1,14,2],[15,1,15,2],[16,1,16,2],[17,1,17,2],[18,1,18,2],[19,1,19,2],[20,1,20,2],[21,1,21,2],[22,1,22,2],[23,1,23,2],[24,1,24,2],[25,1,25,2],[26,1,26,2],[27,1,27,2],[28,1,28,2],[29,1,29,2],[30,1,30,2],[31,0,31,2],[33,0,33,3]]}
["其他项目清单与计价汇总表"]
["工程名称：核心区配套旅游服务提升工程（东谯楼渔灯展示馆装饰工程）",null,"标段:","第1页 共1页"]
["序号","项 目 名 称",null,"金额(元)"]
["1","暂列金额"]
["2","专业工程暂估价"]
["3","计日工"]
["4","总承包服务费"]
{"$rows_empty":24}
["合  计"]
[]
["安徽省建设工程造价计价软件测评合格编号2018JS-06"]

{"sheet":"1_I 税金计价表","index":7,"n_rows":8,"n_cols":6,"rows_kept":8,"merged":[[0,0,0,5],[1,0,1,2],[1,4,1,5],[3,0,4,0],[3,1,4,1],[3,2,4,2],[3,3,4,3],[3,4,4,4],[3,5,4,5],[5,0,5,4],[7,0,7,5]]}
["税金计价表"]
["工程名称:核心区配套旅游服务提升工程（东谯楼渔灯展示馆装饰工程）",null,null,"标段:","第1页 共1页"]
["序号","项目名称","计算基础","计算基数","费率(%)","金额(元)"]
["1","增值税","分部分项工程费+措施项目费+不可竞争费+其他项目费-暂列金额","390519.54","9","35146.76"]
[]
["合计",{"$nulls":4},"35146.76"]
[]
["安徽省建设工程造价计价软件测评合格编号2018JS-06"]

{"sheet":"1_人材机汇总表","index":8,"n_rows":169,"n_cols":8,"rows_kept":169,"merged":[[0,0,0,7],[1,0,1,2],[1,3,1,4],[1,5,1,7],[32,0,32,7],[34,0,34,7],[35,0,35,2],[35,3,35,4],[35,5,35,7],[66,0,66,7],[68,0,68,7],[69,0,69,2],[69,3,69,4],[69,5,69,7],[100,0,100,7],[102,0,102,7],[103,0,103,2],[103,3,103,4],[103,5,103,7],[134,0,134,7],[136,0,136,7],[137,0,137,2],[137,3,137,4],[137,5,137,7],[168,0,168,7]]}
["人材机汇总表"]
["工程名称:核心区配套旅游服务提升工程（东谯楼渔灯展示馆装饰工程）",null,null,"标段：",null,"第1页 共5页"]
["序号","材料名称","规格型号","单位","单价（元，不含税）","用量","合价（元，不含税）","备注"]
["1","综合工日",null,"工日",{"v":155,"d":"155.00"},46.302,7176.81]
["2","其他材料费",null,"元",{"v":1,"d":"1.00"},203.936,203.94]
["3","其他材料费占材料费",null,"%",{"v":0.1,"d":"0.10"},{"v":6,"d":"6.000"},0.59]
["4","其他材料费占材料费",null,"%",0.14,{"v":7.2,"d":"7.200"},1.02]
["5","其他材料费占材料费",null,"%",0.02,{"v":2,"d":"2.000"},0.05]
["6","其他材料费占材料费",null,"%",{"v":0.1,"d":"0.10"},{"v":23,"d":"23.000"},{"v":2.3,"d":"2.30"}]
["7","镀锌铁丝 φ4.0～2.8",null,"kg",3.57,1.139,4.07]
["8","热轧厚钢板 δ8.0～15",null,"kg",{"v":3.2,"d":"3.20"},{"v":0.59,"d":"0.590"},1.89]
["9","不锈钢板 304系列 1.2mm厚",null,"m2",{"v":330,"d":"330.00"},12.456,4110.48]
["10","橡胶板",null,"kg",2.91,0.139,{"v":0.4,"d":"0.40"}]
["11","聚四氟乙烯生料带",null,"m",0.13,{"v":84.06,"d":"84.060"},10.93]
["12","海绵 δ40",null,"m2",28.78,16.307,469.32]
["13","塑料圆台",null,"块",{"v":0.6,"d":"0.60"},{"v":24.15,"d":"24.150"},14.49]
["14","铆钉",null,"个",0.06,69.735,4.18]
["15","木螺钉 M2～4×6～65",null,"个",0.09,{"v":75.92,"d":"75.920"},6.83]
["16","自攻螺丝",null,"百个",{"v":3,"d":"3.00"},1.362,4.09]
["17","六角螺栓",null,"kg",5.81,0.073,0.42]
["18","膨胀螺栓 M8×80",null,"套",{"v":0.3,"d":"0.30"},21.304,6.39]
["19","冲击钻头 φ8",null,"个",5.38,0.189,1.02]
["20","尼龙砂轮片 φ400",null,"片",8.55,{"v":0.4,"d":"0.400"},3.42]
["21","低碳钢焊条",null,"kg",6.84,0.034,0.23]
["22","砂纸",null,"张",0.47,{"v":22.81,"d":"22.810"},10.72]
["23","合金钢钻头",null,"个",{"v":7.8,"d":"7.80"},0.357,2.78]
["24","锯条(各种规格)",null,"根",0.62,{"v":0.57,"d":"0.570"},0.35]
["25","F30气枪钉",null,"盒",{"v":7.5,"d":"7.50"},0.559,4.19]
["26","铁钉",null,"kg",3.56,7.766,27.65]
["27","圆钉",null,"kg",5.13,0.534,2.74]
["28","塑料胀管 φ6～8",null,"个",0.07,{"v":29.7,"d":"29.700"},2.08]
[]
["安徽省建设工程造价计价软件测评合格编号2018JS-06"]
[]
["人材机汇总表"]
["工程名称:核心区配套旅游服务提升工程（东谯楼渔灯展示馆装饰工程）",null,null,"标段：",null,"第2页 共5页"]
["序号","材料名称","规格型号","单位","单价（元，不含税）","用量","合价（元，不含税）","备注"]
["29","支撑卡 75",null,"个",{"v":0.3,"d":"0.30"},42.706,12.81]
["30","水泥 32.5级",null,"kg",0.29,25.916,7.52]
["31","中(粗)砂",null,"t",{"v":87,"d":"87.00"},0.082,7.13]
["32","耐水腻子",null,"kg",{"v":0.8,"d":"0.80"},190.186,152.15]
["33","石膏",null,"kg",{"v":0.5,"d":"0.50"},{"v":3.65,"d":"3.650"},1.83]
["34","定制版图",null,"m2",{"v":500,"d":"500.00"},{"v":30.45,"d":"30.450"},{"v":15225,"d":"15225.00"}]
["35","图版（二次深化）",null,"m2",{"v":500,"d":"500.00"},17.923,{"v":8961.5,"d":"8961.50"}]
["36","十二厘板",null,"m2",{"v":25,"d":"25.00"},1.092,{"v":27.3,"d":"27.30"}]
["37","高密度板 12mm",null,"m2",{"v":26,"d":"26.00"},16.307,423.98]
["38","细木工板 18mm",null,"m2",38.46,{"v":55.65,"d":"55.650"},{"v":2140.3,"d":"2140.30"}]
["39","阻燃九厘板",null,"m2",{"v":42.2,"d":"42.20"},{"v":21.21,"d":"21.210"},895.06]
["40","防腐木",null,"m2",{"v":220,"d":"220.00"},{"v":55.65,"d":"55.650"},{"v":12243,"d":"12243.00"}]
["41","石膏板 12mm",null,"m2",14.16,5.502,77.91]
["42","穿心龙骨 38×12×1",null,"m",{"v":2.8,"d":"2.80"},5.211,14.59]
["43","轻钢龙骨 75×40×0.6(横向龙骨)",null,"m",7.84,10.568,82.85]
["44","轻钢龙骨 75×50×0.7(竖向龙骨)",null,"m",9.37,52.576,492.64]
["45","木线条",null,"m",{"v":2.6,"d":"2.60"},{"v":46.59,"d":"46.590"},121.13]
["46","金属踢脚线","综合","m2",{"v":500,"d":"500.00"},0.737,{"v":368.5,"d":"368.50"}]
["47","白乳胶",null,"kg",5.38,15.907,85.58]
["48","内墙乳胶漆底漆",null,"kg",{"v":12,"d":"12.00"},11.633,{"v":139.6,"d":"139.60"}]
["49","乳胶漆面漆",null,"kg",{"v":14,"d":"14.00"},22.764,{"v":318.7,"d":"318.70"}]
["50","机油",null,"kg",19.66,0.904,17.77]
["51","氧气",null,"m3",3.63,0.079,0.29]
["52","乙炔气",null,"kg",10.45,0.026,0.27]
["53","108胶",null,"kg",{"v":2,"d":"2.00"},0.912,1.82]
["54","玻璃胶 310mL",null,"支",{"v":7.8,"d":"7.80"},0.832,6.49]
["55","硅酮耐候密封胶 590mL",null,"支",{"v":30,"d":"30.00"},{"v":16.53,"d":"16.530"},{"v":495.9,"d":"495.90"}]
["56","万能胶",null,"kg",{"v":18,"d":"18.00"},13.059,235.06]
[]
["安徽省建设工程造价计价软件测评合格编号2018JS-06"]
[]
["人材机汇总表"]
["工程名称:核心区配套旅游服务提升工程（东谯楼渔灯展示馆装饰工程）",null,null,"标段：",null,"第3页 共5页"]
["序号","材料名称","规格型号","单位","单价（元，不含税）","用量","合价（元，不含税）","备注"]
["57","双面胶带",null,"m",0.25,{"v":74.24,"d":"74.240"},18.56]
["58","焊接钢管 DN20",null,"m",4.46,0.246,{"v":1.1,"d":"1.10"}]
["59","橡胶软管 DN20",null,"m",7.26,0.106,0.77]
["60","螺纹阀门 DN20",null,"个",{"v":22,"d":"22.00"},0.073,1.61]
["61","铜芯塑料绝缘电线 BV-2.5mm2",null,"m",1.32,7.931,10.47]
["62","铜芯橡皮花线 BXH 2×23/0.15mm2",null,"m",2.56,35.121,89.91]
["63","铜接线端子 20A",null,"个",0.33,{"v":2.03,"d":"2.030"},0.67]
["64","塑料吊线盒",null,"个",{"v":0.2,"d":"0.20"},{"v":24.15,"d":"24.150"},4.83]
["65","破布",null,"kg",6.32,3.114,19.68]
["66","水",null,"m3",7.96,2.064,16.43]
["67","弹簧压力表",null,"个",23.08,{"v":0.04,"d":"0.040"},0.92]
["68","压力表弯管 DN15",null,"个",10.69,{"v":0.04,"d":"0.040"},0.43]
["69","定制桌椅组合",null,"套",{"v":3000,"d":"3000.00"},{"v":2,"d":"2.000"},{"v":6000,"d":"6000.00"}]
["70","定制桌椅组合",null,"套",{"v":4000,"d":"4000.00"},{"v":1,"d":"1.000"},{"v":4000,"d":"4000.00"}]
["71","定制桌椅组合",null,"套",{"v":5000,"d":"5000.00"},{"v":2,"d":"2.000"},{"v":10000,"d":"10000.00"}]
["72","展示板",null,"个",{"v":1200,"d":"1200.00"},{"v":1,"d":"1.000"},{"v":1200,"d":"1200.00"}]
["73","柜体",null,"套",{"v":5000,"d":"5000.00"},{"v":1,"d":"1.000"},{"v":5000,"d":"5000.00"}]
["74","柜体",null,"套",{"v":3000,"d":"3000.00"},{"v":1,"d":"1.000"},{"v":3000,"d":"3000.00"}]
["75","镀锌钢管 30*50",null,"m",{"v":15,"d":"15.00"},{"v":61.2,"d":"61.200"},{"v":918,"d":"918.00"}]
["76","镀锌钢管 50*80",null,"m",{"v":50,"d":"50.00"},72.936,{"v":3646.8,"d":"3646.80"}]
["77","吊挂灯笼（甲供）",null,"套",{"v":300,"d":"300.00"},{"v":12.12,"d":"12.120"},{"v":3636,"d":"3636.00"}]
["78","定制吊灯",null,"套",{"v":500,"d":"500.00"},{"v":6.06,"d":"6.060"},{"v":3030,"d":"3030.00"}]
["79","成套灯具",null,"套",{"v":150,"d":"150.00"},{"v":10.1,"d":"10.100"},{"v":1515,"d":"1515.00"}]
["80","鱼灯",null,"套",{"v":1200,"d":"1200.00"},{"v":5.05,"d":"5.050"},{"v":6060,"d":"6060.00"}]
["81","砂轮切割机 400mm",null,"台班",24.71,0.088,2.17]
["82","电动切割机",null,"台班",{"v":12.1,"d":"12.10"},0.504,{"v":6.1,"d":"6.10"}]
["83","其他机械费",null,"元",{"v":1,"d":"1.00"},109.331,109.33]
["84","电焊机(综合)",null,"台班",118.28,0.026,3.08]
[]
["安徽省建设工程造价计价软件测评合格编号2018JS-06"]
[]
["人材机汇总表"]
["工程名称:核心区配套旅游服务提升工程（东谯楼渔灯展示馆装饰工程）",null,null,"标段：",null,"第4页 共5页"]
["序号","材料名称","规格型号","单位","单价（元，不含税）","用量","合价（元，不含税）","备注"]
["85","折旧费(机械)",null,"元",{"v":1,"d":"1.00"},26.173,26.17]
["86","检修费(机械)",null,"元",{"v":1,"d":"1.00"},6.801,{"v":6.8,"d":"6.80"}]
["87","维护费(机械)",null,"元",{"v":1,"d":"1.00"},25.641,25.64]
["88","安拆费及场外运费(机械)",null,"元",{"v":1,"d":"1.00"},33.321,33.32]
["89","其他费(机械)",null,"元",{"v":1,"d":"1.00"},5.133,5.13]
["90","机械工日(机械)",null,"工日",{"v":140,"d":"140.00"},0.494,69.16]
["91","柴油(机械)",null,"kg",5.92,12.543,74.29]
["92","电(机械)",null,"kw.h",0.85,58.333,49.58]
["93","定制金属边框",null,"m2",{"v":335,"d":"335.00"},10.886,3646.81]
["94","定制纱幔UV（二次深化）",null,"m2",{"v":150,"d":"150.00"},18.791,2818.65]
["95","鱼灯",null,"个",{"v":5000,"d":"5000.00"},{"v":2,"d":"2.000"},{"v":10000,"d":"10000.00"}]
["96","鱼灯",null,null,{"v":1200,"d":"1200.00"},{"v":40,"d":"40.000"},{"v":48000,"d":"48000.00"}]
["97","牌面板安装",null,"个",{"v":6500,"d":"6500.00"},{"v":2,"d":"2.000"},{"v":13000,"d":"13000.00"}]
["98","定制架子",null,"个",{"v":5200,"d":"5200.00"},{"v":2,"d":"2.000"},{"v":10400,"d":"10400.00"}]
["99","钢扣件",null,"kg",{"v":5.7,"d":"5.70"},2.943,16.78]
["100","底座",null,"个",5.13,0.129,0.66]
["101","木脚手板",null,"m3",1307.59,0.054,70.61]
["102","钢管 DN50",null,"kg",4.43,10.524,46.62]
["103","镀锌铁丝 8号",null,"kg",3.57,25.228,90.06]
["104","红丹防锈漆",null,"kg",{"v":11.5,"d":"11.50"},{"v":0.92,"d":"0.920"},10.58]
["105","油漆溶剂油",null,"kg",2.62,0.105,0.28]
["106","投影灯",null,"套",{"v":1700,"d":"1700.00"},{"v":2.02,"d":"2.020"},{"v":3434,"d":"3434.00"}]
["107","电视机",null,"台",{"v":5000,"d":"5000.00"},{"v":1,"d":"1.000"},{"v":5000,"d":"5000.00"}]
["108","展板",null,"m2",{"v":350,"d":"350.00"},{"v":1.72,"d":"1.720"},{"v":602,"d":"602.00"}]
["109","房屋出新",null,"项",{"v":8000,"d":"8000.00"},{"v":1,"d":"1.000"},{"v":8000,"d":"8000.00"}]
["110","强化木地板(含辅材)",null,"m2",{"v":354.1,"d":"354.10"},{"v":12.6,"d":"12.600"},4461.66]
["111","铁件(地方脚固等)",null,"kg",{"v":3.3,"d":"3.30"},{"v":3.05,"d":"3.050"},10.07]
["112","枋材",null,"m3",1449.97,{"v":0.12,"d":"0.120"},{"v":174,"d":"174.00"}]
[]
["安徽省建设工程造价计价软件测评合格编号2018JS-06"]
[]
["人材机汇总表"]
["工程名称:核心区配套旅游服务提升工程（东谯楼渔灯展示馆装饰工程）",null,null,"标段：",null,"第5页 共5页"]
["序号","材料名称","规格型号","单位","单价（元，不含税）","用量","合价（元，不含税）","备注"]
["113","水柏油",null,"kg",{"v":1.5,"d":"1.50"},{"v":1,"d":"1.000"},{"v":1.5,"d":"1.50"}]
["114","其他材料费占材料费",null,"%",0.19,{"v":5,"d":"5.000"},0.93]
["115","其他机械费占人工费",null,"%",6.59,{"v":5,"d":"5.000"},32.94]
["116","影片",null,"秒",{"v":250,"d":"250.00"},{"v":240,"d":"240.000"},{"v":60000,"d":"60000.00"}]
["117","直拼库门",null,"m2",{"v":3000,"d":"3000.00"},{"v":5,"d":"5.000"},{"v":15000,"d":"15000.00"}]
["118","给排水改造",null,"项",{"v":12000,"d":"12000.00"},{"v":1,"d":"1.000"},{"v":12000,"d":"12000.00"}]
["119","定制看板",null,"个",{"v":41000,"d":"41000.00"},{"v":2,"d":"2.000"},{"v":82000,"d":"82000.00"}]
["120","场外运输",null,"项",{"v":4960,"d":"4960.00"},{"v":1,"d":"1.000"},{"v":4960,"d":"4960.00"}]
{"$rows_empty":21}
["安徽省建设工程造价计价软件测评合格编号2018JS-06"]